000 00627nam a2200217Ia 4500
005 20250923145124.0
008 008 250917s9999 xx 000 0 eng d
037 _aTextual
040 _aDSWL
_beng
_cDSWL
041 _aeng
_2eng
084 _aY31(L:5):393.2, N68
_qDSWL
100 _aRoy, P.
_9831977
245 0 _aHealth innovation and family planning
_cby P. Roy
260 _aHydrabad
_bInstitute of Community Dev.
_c1968
300 _axix,260 p.
365 _aINR
_b4
700 _aJ. Kivlin
_9831978
925 _g4
942 _cTEXL
_hY31(L:5):393.2, N68
999 _c1447413
_d1447413